Countries by Olympic Medals Won in Football Through 2012 - Statistics

General Stats
  • This quiz has been taken 1,072 times
  • The average score is 14 of 20
Answer Stats
Total Gold Silver Bronze Answer % Correct
7 4 2 1 United States
93%
3 3 0 0 Great Britain
89%
2 1 1 0 France
88%
3 1 2 0 Spain
88%
4 2 2 0 Argentina
87%
3 1 0 2 Italy
82%
1 1 0 0 Mexico
81%
3 1 0 2 Sweden
74%
2 1 0 1 Canada
73%
3 1 2 0 Poland
63%
5 2 0 3 Soviet Union
63%
2 1 0 1 Belgium
62%
3 1 0 2 Norway
61%
2 2 0 0 Uruguay
61%
5 3 1 1 Hungary
59%
2 1 1 0 Nigeria
59%
5 1 3 1 Yugoslavia
56%
2 1 1 0 Czechoslovakia
47%
3 1 1 1 East Germany
44%
1 1 0 0 Cameroon
43%
No matching quizzes found
Score Distribution
Percent of People with Each Score
Percentile by Number Answered
Your Score History
You have not taken this quiz